US States from most Liberal to Conservative - Statistics

General Stats
  • This quiz has been taken 312 times
  • The average score is 31 of 50
Answer Stats
Margin (%) State % Correct
D + 35.41 Vermont
100%
D + 18.97 Delaware
88%
D + 33.46 Massachusetts
86%
D + 16.08 Oregon
86%
D + 19.2 Washington
86%
D + 20.07 Connecticut
85%
D + 29.46 Hawaii
85%
D + 20.77 Rhode Island
85%
D + 29.16 California
84%
D + 33.21 Maryland
84%
D + 16.99 Illinois
83%
D + 23.13 New York
83%
D + 10.11 Virginia
78%
D + 13.50 Colorado
77%
D + 15.94 New Jersey
75%
D + 0.24 Georgia
69%
D + 1.16 Pennsylvania
69%
D + 10.79 New Mexico
66%
D + 9.07 Maine
65%
D + 0.63 Wisconsin
64%
R + 3.36 Florida
63%
D + 7.35 New Hampshire
61%
R + 8.03 Ohio
61%
D + 2.78 Michigan
60%
D + 0.31 Arizona
59%
R + 5.58 Texas
59%
R + 8.20 Iowa
58%
D + 7.11 Minnesota
57%
D + 2.39 Nevada
55%
R + 25.46 Alabama
53%
R + 14.64 Kansas
53%
R + 23.21 Tennessee
52%
R + 10.06 Alaska
51%
R + 25.94 Kentucky
51%
R + 1.35 North Carolina
51%
R + 20.48 Utah
50%
R + 43.38 Wyoming
50%
R + 27.62 Arkansas
48%
R + 16.07 Indiana
47%
R + 18.61 Louisiana
46%
R + 33.09 Oklahoma
45%
R + 26.1 South Dakota
45%
R + 30.77 Idaho
44%
R + 11.68 South Carolina
44%
R + 38.93 West Virginia
44%
R + 16.37 Montana
41%
R + 15.39 Missouri
40%
R + 33.34 North Dakota
40%
R + 16.55 Mississippi
39%
R + 19.06 Nebraska
39%
No matching quizzes found
Score Distribution
Percent of People with Each Score
Percentile by Number Answered
Your Score History
You have not taken this quiz